Представление документа в формате MARC21

Поле Инд. ПП Название Значение
Тип записи a
Библиографический уровень m
001 Контрольный номер RU/LIBMSTU/368896185
005 Дата корректировки 20161129123926.6
008 Кодируемые данные 110916|||||||||ru |||||||||||000|||rus||
020 a ISBN 978-5-8243-1541-7
c Цена, тираж 34-96
040 b Код языка каталог. rus
041 0_ a Код языка текста rus
084 a Индекс другой классификации/Индекс ББК 63.3(2)631+63.3(2)6-6+67.401.13
090 a Полочн. индекс 63.3(2)6
x Авторский знак П 30
100 1_ a Автор Петров Н. В.
245 10 a Заглавие По сценарию Сталина: роль органов НКВД-МГБ СССР в советизации стран Центральной и Восточной Европы 1945-1953 гг.
c Ответственность Уполномоч. по правам человека в Рос. Федерации [и др.]
260 a Место издания Москва
b Издательство РОССПЭН
b Издательство Фонд "Президентский центр Б. Н. Ельцина"
c Дата издания 2011
300 a Объем 350, [1] с.
440 _0 a Серия История сталинизма / ред. Й. Баберовски [и др.]
504 a Библиография Библиогр.: с. 289-300
600 14 a Персоналии Сталин И. В., российский революционер, советский политический, государственный, военный и партийный деятель
650 04 a Основная рубрика Органы государственной безопасности-СССР, 1940-1950
650 14 a Основная рубрика СССР-Внешняя политика-Восточноевропейские страны
650 14 a Основная рубрика СССР-Внешняя политика-Центральноевропейские страны
651 _4 a Географическое наименование Центральная Европа
651 _4 a Географическое наименование Восточная Европа
653 0_ a Ключевые слова Внешняя политика СССР
a Ключевые слова История СССР
a Ключевые слова Министерство государственной безопасности
a Ключевые слова Народный комиссариат внутренних дел
a Ключевые слова НКВД
a Ключевые слова Сталинизм
a Ключевые слова Сталинская политика
a Ключевые слова Сталинские репрессии
901 t Тип документа m